UNITED nations development fund for women Oil Extraction

Saved in:
Bibliographic Details
Format: Book
Language:English
Published: UNIFEM 1987
Tags: Add Tag
No Tags, Be the first to tag this record!

MARC

LEADER 00000nam a22000007a 4500
008 210427b ||||| |||| 00| 0 eng d
245 |a UNITED nations development fund for women  |b Oil Extraction  |c United Nations Developments for women  |e (Food Cycle Technology Source Book No. 1)  |g 47p 
260 |b  UNIFEM  |c 1987  |h  New York  |i 661068   |l TP670 .Un3  |m Oil and fats. 
942 |a lcc  |c BK  |e Adekanye, I. H.  |f 27/04/2021 
952 |0 0  |1 0  |2 lcc  |4 0  |6 TP0670 U N3  |7 0  |9 2333  |a HOL  |b HOL  |c QZ  |d 2021-04-27  |l 0  |o TP670 .Un3  |p 2021-6187  |r 2021-04-27 00:00:00  |w 2021-04-27  |y BK 
999 |c 1203  |d 1203